LEADER 01411nam a2200301 i 4500 001 000000220008 003 CaOOAMICUS 005 20130422000000.0 008 130422s2013 it u000 u ita u 013 $a198905 020 $a978-88-498-3626-4 040 $aSeMil$bita 245 10$aPasquale Saraceno e l'unità economica italiana /$ca cura di Agostino Giovagnoli e Alessandro Angelo Persico. 260 $aSoveria Mannelli :$bRubbettino,$c2013. 300 $a432 p. ;$c23 cm. 490 0 $aSaggi ;$v311. 500 $aSul front.: Convegno tenuto a Milano il 16 e 17 aprile 2012 organizzato da Ambrosaneum Fondazione Culturale. 650 4$aItalia - Economia - Storia.$0(OLS)http://semarc/subject/1009 650 4$aSacraceno, Pasquale.$0(OLS)http://semarc/subject/40562 700 1 $aPersico, Alessandro Angelo,$d<1980- >.$0(OLS)http://semarc/name/33130 700 1 $aGiovagnoli, Agostino,$d<1952- >.$0(OLS)http://semarc/name/22746 830 0$aSaggi ;$v311.$0(OLS)http://semarc/title/341 850 $aSeMil 852 $aSeMil$W1$xVenegono$y1$m3V III 52$j170365$B170365$CSeMilBibl$Z2$F182079 $81 961 $aOmaggio: Delpini mons. Mario 996 $6020$a978-88-498-3626-4$9(OLS)http://semarc/number/218348 996 $6245$aPasquale Saraceno e l'unità economica italiana$9(OLS)http://semarc/title/315628 996 $6260$aSoveria Mannelli :$bRubbettino$9(OLS)http://semarc/publisher/32145 LEADER 01165nam a2200253 i 4500 001 000000045544 003 CaOOAMICUS 005 20070607000000.0 008 070607s1994 it u000 u ita u 013 $a16714 040 $aSeMil$bita 245 10$aSem Cam Iafet :$batti della 7. Giornata di Studi Camito-Semitici e Indoeuropei (Milano, 1. giugno 1993) /$cA cura di Vermondo Brugnatelli. 260 $aMilano :$bCentro studi camito-semitici,$c1994. 300 $aIX, 269 p. ;$c23 cm. 490 0 $aStudi camito-semitici ;$v1 500 $aContiene : Appendici. 650 4$aLinguistica.$0(OLS)http://semarc/subject/2222 700 1 $aBrugnatelli, Vermondo.$0(OLS)http://semarc/name/5136 830 0$aStudi camito-semitici ;$v1.$0(OLS)http://semarc/title/13924 850 $aSeMil 852 $aSeMil$W1$xVenegono$y1$m1D IV 95$j11699$B11699$CSeMilBibl$Z2$F11699 $81 961 $aOmaggio: Rimoldi mons. Antonio 996 $6245$aSem Cam Iafet :$batti della 7. Giornata di Studi Camito-Semitici e Indoeuropei (Milano, 1. giugno 1993)$9(OLS)http://semarc/title/67735 996 $6260$aMilano :$bCentro studi camito-semitici$9(OLS)http://semarc/publisher/32885